<?xml version="1.0" encoding="UTF-8"?>
<record
    xmlns:xsi="http://www.w3.org/2001/XMLSchema-instance"
    xsi:schemaLocation="http://www.loc.gov/MARC21/slim http://www.loc.gov/standards/marcxml/schema/MARC21slim.xsd"
    xmlns="http://www.loc.gov/MARC21/slim">

  <leader>01007nam a22002657a 4500</leader>
  <controlfield tag="005">20170508145114.0</controlfield>
  <datafield tag="010" ind1=" " ind2=" ">
    <subfield code="a">BAC-EN21/ENG-109691</subfield>
  </datafield>
  <datafield tag="020" ind1=" " ind2=" ">
    <subfield code="a">9789351340348</subfield>
    <subfield code="c">745.00</subfield>
  </datafield>
  <datafield tag="020" ind1=" " ind2=" ">
    <subfield code="a">9351340341</subfield>
    <subfield code="c">745.00</subfield>
  </datafield>
  <datafield tag="035" ind1=" " ind2=" ">
    <subfield code="a">EN-93224</subfield>
  </datafield>
  <datafield tag="035" ind1=" " ind2=" ">
    <subfield code="a">B-669791</subfield>
  </datafield>
  <datafield tag="037" ind1=" " ind2=" ">
    <subfield code="b">Pragati</subfield>
    <subfield code="a">dpl</subfield>
  </datafield>
  <datafield tag="037" ind1=" " ind2=" ">
    <subfield code="b">DBAD/PUB</subfield>
  </datafield>
  <datafield tag="082" ind1=" " ind2=" ">
    <subfield code="a">000</subfield>
  </datafield>
  <datafield tag="100" ind1=" " ind2=" ">
    <subfield code="a">Bhardwaj, A.P.</subfield>
  </datafield>
  <datafield tag="245" ind1="0" ind2="0">
    <subfield code="a">Study package for CLAT (common law admission test) and LL.B entrance examinations /</subfield>
    <subfield code="c">by A. P. Bhardwaj </subfield>
  </datafield>
  <datafield tag="250" ind1=" " ind2=" ">
    <subfield code="a">3rd ed</subfield>
  </datafield>
  <datafield tag="260" ind1=" " ind2=" ">
    <subfield code="a">New Delhi</subfield>
    <subfield code="b">McGraw Hill Education </subfield>
    <subfield code="c">2014</subfield>
  </datafield>
  <datafield tag="270" ind1=" " ind2=" ">
    <subfield code="a">P-24, Green Park Extn.</subfield>
    <subfield code="b">New Delhi</subfield>
    <subfield code="e">110016</subfield>
  </datafield>
  <datafield tag="300" ind1=" " ind2=" ">
    <subfield code="a">varions pagings</subfield>
    <subfield code="c">28cm(pbk)</subfield>
  </datafield>
  <datafield tag="490" ind1=" " ind2=" ">
    <subfield code="a">McGraw Hill education winning edge series</subfield>
  </datafield>
  <datafield tag="942" ind1=" " ind2=" ">
    <subfield code="2">ddc</subfield>
    <subfield code="c">EN</subfield>
    <subfield code="m">BHA</subfield>
    <subfield code="h">000</subfield>
  </datafield>
  <datafield tag="999" ind1=" " ind2=" ">
    <subfield code="c">83395</subfield>
    <subfield code="d">83395</subfield>
  </datafield>
  <datafield tag="952" ind1=" " ind2=" ">
    <subfield code="0">0</subfield>
    <subfield code="1">0</subfield>
    <subfield code="4">0</subfield>
    <subfield code="7">1</subfield>
    <subfield code="8">NFIC</subfield>
    <subfield code="a">DBAD</subfield>
    <subfield code="b">DBAD</subfield>
    <subfield code="d">2014-04-11</subfield>
    <subfield code="e">DBAD/PUB</subfield>
    <subfield code="g">745.00</subfield>
    <subfield code="l">0</subfield>
    <subfield code="o">000 BHA</subfield>
    <subfield code="p">EN-93224</subfield>
    <subfield code="r">2014-04-11 00:00:00</subfield>
    <subfield code="t">1</subfield>
    <subfield code="v">745.00</subfield>
    <subfield code="y">EN</subfield>
  </datafield>
  <datafield tag="952" ind1=" " ind2=" ">
    <subfield code="0">0</subfield>
    <subfield code="1">0</subfield>
    <subfield code="4">0</subfield>
    <subfield code="7">0</subfield>
    <subfield code="8">NFIC</subfield>
    <subfield code="a">L</subfield>
    <subfield code="b">L</subfield>
    <subfield code="d">2015-02-12</subfield>
    <subfield code="e">Pragati Pub/54/17.12.2014/184/08.12.2014/30.12.2014</subfield>
    <subfield code="g">745.00</subfield>
    <subfield code="l">27</subfield>
    <subfield code="m">18</subfield>
    <subfield code="o">000 BHA</subfield>
    <subfield code="p">B-582126</subfield>
    <subfield code="r">2024-04-01 00:00:00</subfield>
    <subfield code="s">2024-02-05</subfield>
    <subfield code="t">1</subfield>
    <subfield code="v">745.00</subfield>
    <subfield code="w">2015-02-12</subfield>
    <subfield code="y">EN</subfield>
  </datafield>
  <datafield tag="952" ind1=" " ind2=" ">
    <subfield code="0">0</subfield>
    <subfield code="1">0</subfield>
    <subfield code="4">0</subfield>
    <subfield code="7">1</subfield>
    <subfield code="8">REF</subfield>
    <subfield code="a">L</subfield>
    <subfield code="b">L</subfield>
    <subfield code="d">2015-02-12</subfield>
    <subfield code="e">Pragati Pub/54/17.12.2014/184/08.12.2014/30.12.2014</subfield>
    <subfield code="g">745.00</subfield>
    <subfield code="l">0</subfield>
    <subfield code="o">000 BHA</subfield>
    <subfield code="p">B-582127</subfield>
    <subfield code="r">2015-02-12 00:00:00</subfield>
    <subfield code="t">1</subfield>
    <subfield code="v">745.00</subfield>
    <subfield code="y">EN</subfield>
  </datafield>
  <datafield tag="952" ind1=" " ind2=" ">
    <subfield code="0">0</subfield>
    <subfield code="1">0</subfield>
    <subfield code="4">0</subfield>
    <subfield code="7">0</subfield>
    <subfield code="8">NFIC</subfield>
    <subfield code="a">M</subfield>
    <subfield code="b">M</subfield>
    <subfield code="d">2015-02-12</subfield>
    <subfield code="e">Pragati Pub/54/17.12.2014/184/08.12.2014/30.12.2014</subfield>
    <subfield code="g">745.00</subfield>
    <subfield code="l">3</subfield>
    <subfield code="o">000 BHA</subfield>
    <subfield code="p">B-582128</subfield>
    <subfield code="q">2045-06-01</subfield>
    <subfield code="r">2018-01-15 00:00:00</subfield>
    <subfield code="s">2018-01-15</subfield>
    <subfield code="t">2</subfield>
    <subfield code="v">745.00</subfield>
    <subfield code="y">EN</subfield>
  </datafield>
  <datafield tag="952" ind1=" " ind2=" ">
    <subfield code="0">0</subfield>
    <subfield code="1">0</subfield>
    <subfield code="4">0</subfield>
    <subfield code="7">0</subfield>
    <subfield code="8">NFIC</subfield>
    <subfield code="a">M</subfield>
    <subfield code="b">M</subfield>
    <subfield code="d">2015-02-12</subfield>
    <subfield code="e">Pragati Pub/54/17.12.2014/184/08.12.2014/30.12.2014</subfield>
    <subfield code="g">745.00</subfield>
    <subfield code="l">0</subfield>
    <subfield code="o">000 BHA</subfield>
    <subfield code="p">B-582129</subfield>
    <subfield code="r">2015-02-12 00:00:00</subfield>
    <subfield code="t">2</subfield>
    <subfield code="v">745.00</subfield>
    <subfield code="y">EN</subfield>
  </datafield>
  <datafield tag="952" ind1=" " ind2=" ">
    <subfield code="0">0</subfield>
    <subfield code="1">0</subfield>
    <subfield code="4">0</subfield>
    <subfield code="7">0</subfield>
    <subfield code="8">NFIC</subfield>
    <subfield code="a">NPL</subfield>
    <subfield code="b">NPL</subfield>
    <subfield code="d">2015-02-12</subfield>
    <subfield code="e">Pragati Pub/54/17.12.2014/184/08.12.2014/30.12.2014</subfield>
    <subfield code="g">745.00</subfield>
    <subfield code="l">0</subfield>
    <subfield code="o">000 BHA</subfield>
    <subfield code="p">B-582130</subfield>
    <subfield code="r">2015-02-12 00:00:00</subfield>
    <subfield code="t">1</subfield>
    <subfield code="v">745.00</subfield>
    <subfield code="y">EN</subfield>
  </datafield>
  <datafield tag="952" ind1=" " ind2=" ">
    <subfield code="0">0</subfield>
    <subfield code="1">0</subfield>
    <subfield code="4">0</subfield>
    <subfield code="7">0</subfield>
    <subfield code="8">NFIC</subfield>
    <subfield code="a">BL1</subfield>
    <subfield code="b">BL1</subfield>
    <subfield code="d">2015-02-12</subfield>
    <subfield code="e">Pragati Pub/54/17.12.2014/184/08.12.2014/30.12.2014</subfield>
    <subfield code="g">745.00</subfield>
    <subfield code="l">0</subfield>
    <subfield code="o">000 BHA</subfield>
    <subfield code="p">B-582131</subfield>
    <subfield code="r">2015-02-12 00:00:00</subfield>
    <subfield code="t">1</subfield>
    <subfield code="v">745.00</subfield>
    <subfield code="y">EN</subfield>
  </datafield>
  <datafield tag="952" ind1=" " ind2=" ">
    <subfield code="0">0</subfield>
    <subfield code="1">0</subfield>
    <subfield code="4">0</subfield>
    <subfield code="7">0</subfield>
    <subfield code="8">NFIC</subfield>
    <subfield code="a">KGM</subfield>
    <subfield code="b">KGM</subfield>
    <subfield code="d">2015-02-12</subfield>
    <subfield code="e">Pragati Pub/54/17.12.2014/184/08.12.2014/30.12.2014</subfield>
    <subfield code="g">745.00</subfield>
    <subfield code="l">1</subfield>
    <subfield code="m">2</subfield>
    <subfield code="o">000 BHA</subfield>
    <subfield code="p">B-582132</subfield>
    <subfield code="r">2019-07-22 00:00:00</subfield>
    <subfield code="s">2019-06-10</subfield>
    <subfield code="t">1</subfield>
    <subfield code="v">745.00</subfield>
    <subfield code="y">EN</subfield>
  </datafield>
  <datafield tag="952" ind1=" " ind2=" ">
    <subfield code="0">0</subfield>
    <subfield code="1">5</subfield>
    <subfield code="4">0</subfield>
    <subfield code="7">0</subfield>
    <subfield code="8">NFIC</subfield>
    <subfield code="a">PR</subfield>
    <subfield code="b">PR</subfield>
    <subfield code="d">2015-02-12</subfield>
    <subfield code="e">Pragati Pub/54/17.12.2014/184/08.12.2014/30.12.2014</subfield>
    <subfield code="g">745.00</subfield>
    <subfield code="l">0</subfield>
    <subfield code="o">000 BHA</subfield>
    <subfield code="p">B-582133</subfield>
    <subfield code="r">2015-02-12 00:00:00</subfield>
    <subfield code="t">1</subfield>
    <subfield code="v">745.00</subfield>
    <subfield code="y">EN</subfield>
  </datafield>
  <datafield tag="952" ind1=" " ind2=" ">
    <subfield code="0">0</subfield>
    <subfield code="1">0</subfield>
    <subfield code="4">0</subfield>
    <subfield code="7">0</subfield>
    <subfield code="8">NFIC</subfield>
    <subfield code="a">TN</subfield>
    <subfield code="b">TN</subfield>
    <subfield code="d">2015-02-12</subfield>
    <subfield code="e">Pragati Pub/54/17.12.2014/184/08.12.2014/30.12.2014</subfield>
    <subfield code="g">745.00</subfield>
    <subfield code="l">3</subfield>
    <subfield code="m">4</subfield>
    <subfield code="o">000 BHA</subfield>
    <subfield code="p">B-582134</subfield>
    <subfield code="r">2022-06-16 00:00:00</subfield>
    <subfield code="s">2022-06-01</subfield>
    <subfield code="t">1</subfield>
    <subfield code="v">745.00</subfield>
    <subfield code="y">EN</subfield>
  </datafield>
  <datafield tag="952" ind1=" " ind2=" ">
    <subfield code="0">0</subfield>
    <subfield code="1">5</subfield>
    <subfield code="4">0</subfield>
    <subfield code="7">0</subfield>
    <subfield code="8">NFIC</subfield>
    <subfield code="a">CJ</subfield>
    <subfield code="b">CJ</subfield>
    <subfield code="d">2015-02-12</subfield>
    <subfield code="e">Pragati Pub/54/17.12.2014/184/08.12.2014/30.12.2014</subfield>
    <subfield code="g">745.00</subfield>
    <subfield code="l">0</subfield>
    <subfield code="o">000 BHA</subfield>
    <subfield code="p">B-582135</subfield>
    <subfield code="r">2015-02-12 00:00:00</subfield>
    <subfield code="t">1</subfield>
    <subfield code="v">745.00</subfield>
    <subfield code="y">EN</subfield>
  </datafield>
  <datafield tag="952" ind1=" " ind2=" ">
    <subfield code="0">0</subfield>
    <subfield code="1">0</subfield>
    <subfield code="4">0</subfield>
    <subfield code="7">0</subfield>
    <subfield code="8">NFIC</subfield>
    <subfield code="a">JP</subfield>
    <subfield code="b">JP</subfield>
    <subfield code="d">2015-02-12</subfield>
    <subfield code="e">Pragati Pub/54/17.12.2014/184/08.12.2014/30.12.2014</subfield>
    <subfield code="g">745.00</subfield>
    <subfield code="l">10</subfield>
    <subfield code="m">4</subfield>
    <subfield code="o">000 BHA</subfield>
    <subfield code="p">B-582136</subfield>
    <subfield code="q">2016-03-11</subfield>
    <subfield code="r">2016-02-26 00:00:00</subfield>
    <subfield code="s">2016-02-26</subfield>
    <subfield code="t">1</subfield>
    <subfield code="v">745.00</subfield>
    <subfield code="y">EN</subfield>
  </datafield>
  <datafield tag="952" ind1=" " ind2=" ">
    <subfield code="0">0</subfield>
    <subfield code="1">0</subfield>
    <subfield code="4">0</subfield>
    <subfield code="7">0</subfield>
    <subfield code="8">NFIC</subfield>
    <subfield code="a">ZLS</subfield>
    <subfield code="b">ZLS</subfield>
    <subfield code="d">2015-02-12</subfield>
    <subfield code="e">Pragati Pub/54/17.12.2014/184/08.12.2014/30.12.2014</subfield>
    <subfield code="g">745.00</subfield>
    <subfield code="l">10</subfield>
    <subfield code="m">12</subfield>
    <subfield code="o">000 BHA</subfield>
    <subfield code="p">B-582137</subfield>
    <subfield code="r">2022-12-19 00:00:00</subfield>
    <subfield code="s">2022-11-01</subfield>
    <subfield code="t">1</subfield>
    <subfield code="v">745.00</subfield>
    <subfield code="y">EN</subfield>
  </datafield>
  <datafield tag="952" ind1=" " ind2=" ">
    <subfield code="0">0</subfield>
    <subfield code="1">0</subfield>
    <subfield code="4">0</subfield>
    <subfield code="7">0</subfield>
    <subfield code="8">NFIC</subfield>
    <subfield code="a">AG</subfield>
    <subfield code="b">AG</subfield>
    <subfield code="d">2015-02-12</subfield>
    <subfield code="e">Pragati Pub/54/17.12.2014/184/08.12.2014/30.12.2014</subfield>
    <subfield code="g">745.00</subfield>
    <subfield code="l">7</subfield>
    <subfield code="m">3</subfield>
    <subfield code="o">000 BHA</subfield>
    <subfield code="p">B-582138</subfield>
    <subfield code="r">2021-08-13 00:00:00</subfield>
    <subfield code="s">2021-07-15</subfield>
    <subfield code="t">1</subfield>
    <subfield code="v">745.00</subfield>
    <subfield code="y">EN</subfield>
  </datafield>
  <datafield tag="952" ind1=" " ind2=" ">
    <subfield code="0">0</subfield>
    <subfield code="1">0</subfield>
    <subfield code="4">0</subfield>
    <subfield code="7">0</subfield>
    <subfield code="8">NFIC</subfield>
    <subfield code="a">SP</subfield>
    <subfield code="b">SP</subfield>
    <subfield code="d">2015-02-12</subfield>
    <subfield code="e">Pragati Pub/54/17.12.2014/184/08.12.2014/30.12.2014</subfield>
    <subfield code="g">745.00</subfield>
    <subfield code="l">0</subfield>
    <subfield code="o">000 BHA</subfield>
    <subfield code="p">B-582139</subfield>
    <subfield code="r">2015-02-12 00:00:00</subfield>
    <subfield code="t">1</subfield>
    <subfield code="v">745.00</subfield>
    <subfield code="y">EN</subfield>
  </datafield>
  <datafield tag="952" ind1=" " ind2=" ">
    <subfield code="0">0</subfield>
    <subfield code="1">0</subfield>
    <subfield code="4">0</subfield>
    <subfield code="7">0</subfield>
    <subfield code="8">NFIC</subfield>
    <subfield code="a">ZLS</subfield>
    <subfield code="b">ZLS</subfield>
    <subfield code="d">2015-02-12</subfield>
    <subfield code="e">Pragati Pub/54/17.12.2014/184/08.12.2014/30.12.2014</subfield>
    <subfield code="g">745.00</subfield>
    <subfield code="l">17</subfield>
    <subfield code="m">20</subfield>
    <subfield code="o">000 BHA</subfield>
    <subfield code="p">B582140</subfield>
    <subfield code="r">2026-05-29 16:17:32</subfield>
    <subfield code="s">2026-05-04</subfield>
    <subfield code="t">1</subfield>
    <subfield code="v">745.00</subfield>
    <subfield code="y">EN</subfield>
  </datafield>
  <datafield tag="952" ind1=" " ind2=" ">
    <subfield code="0">0</subfield>
    <subfield code="1">0</subfield>
    <subfield code="4">0</subfield>
    <subfield code="7">0</subfield>
    <subfield code="8">NFIC</subfield>
    <subfield code="a">VP</subfield>
    <subfield code="b">VP</subfield>
    <subfield code="d">2015-02-12</subfield>
    <subfield code="e">Pragati Pub/54/17.12.2014/184/08.12.2014/30.12.2014</subfield>
    <subfield code="g">745.00</subfield>
    <subfield code="l">23</subfield>
    <subfield code="m">15</subfield>
    <subfield code="o">000 BHA</subfield>
    <subfield code="p">B-582141</subfield>
    <subfield code="r">2025-02-19 00:00:00</subfield>
    <subfield code="s">2025-01-15</subfield>
    <subfield code="t">1</subfield>
    <subfield code="v">745.00</subfield>
    <subfield code="y">EN</subfield>
  </datafield>
  <datafield tag="952" ind1=" " ind2=" ">
    <subfield code="0">0</subfield>
    <subfield code="1">0</subfield>
    <subfield code="4">0</subfield>
    <subfield code="7">0</subfield>
    <subfield code="8">NFIC</subfield>
    <subfield code="a">BN</subfield>
    <subfield code="b">BN</subfield>
    <subfield code="d">2015-02-12</subfield>
    <subfield code="e">Pragati Pub/54/17.12.2014/184/08.12.2014/30.12.2014</subfield>
    <subfield code="g">745.00</subfield>
    <subfield code="l">9</subfield>
    <subfield code="m">1</subfield>
    <subfield code="o">000 BHA</subfield>
    <subfield code="p">B-582142</subfield>
    <subfield code="r">2026-02-14 00:00:00</subfield>
    <subfield code="s">2026-01-27</subfield>
    <subfield code="t">1</subfield>
    <subfield code="v">745.00</subfield>
    <subfield code="y">EN</subfield>
  </datafield>
  <datafield tag="952" ind1=" " ind2=" ">
    <subfield code="0">0</subfield>
    <subfield code="1">0</subfield>
    <subfield code="4">0</subfield>
    <subfield code="7">0</subfield>
    <subfield code="8">NFIC</subfield>
    <subfield code="a">NRR</subfield>
    <subfield code="b">NRR</subfield>
    <subfield code="d">2015-02-12</subfield>
    <subfield code="e">Pragati Pub/54/17.12.2014/184/08.12.2014/30.12.2014</subfield>
    <subfield code="g">745.00</subfield>
    <subfield code="l">1</subfield>
    <subfield code="o">000 BHA</subfield>
    <subfield code="p">B-582143</subfield>
    <subfield code="r">2022-08-16 00:00:00</subfield>
    <subfield code="s">2022-07-20</subfield>
    <subfield code="t">1</subfield>
    <subfield code="v">745.00</subfield>
    <subfield code="y">EN</subfield>
  </datafield>
  <datafield tag="952" ind1=" " ind2=" ">
    <subfield code="0">0</subfield>
    <subfield code="1">0</subfield>
    <subfield code="4">0</subfield>
    <subfield code="7">0</subfield>
    <subfield code="8">NFIC</subfield>
    <subfield code="a">BKK</subfield>
    <subfield code="b">BKK</subfield>
    <subfield code="d">2015-02-12</subfield>
    <subfield code="e">Pragati Pub/54/17.12.2014/184/08.12.2014/30.12.2014</subfield>
    <subfield code="g">745.00</subfield>
    <subfield code="l">0</subfield>
    <subfield code="o">000 BHA</subfield>
    <subfield code="p">B-582144</subfield>
    <subfield code="r">2015-02-12 00:00:00</subfield>
    <subfield code="t">1</subfield>
    <subfield code="v">745.00</subfield>
    <subfield code="y">EN</subfield>
  </datafield>
  <datafield tag="952" ind1=" " ind2=" ">
    <subfield code="0">0</subfield>
    <subfield code="1">0</subfield>
    <subfield code="4">0</subfield>
    <subfield code="7">0</subfield>
    <subfield code="8">NFIC</subfield>
    <subfield code="a">NR</subfield>
    <subfield code="b">NR</subfield>
    <subfield code="d">2015-02-12</subfield>
    <subfield code="e">Pragati Pub/54/17.12.2014/184/08.12.2014/30.12.2014</subfield>
    <subfield code="g">745.00</subfield>
    <subfield code="l">0</subfield>
    <subfield code="o">000 BHA</subfield>
    <subfield code="p">B-582145</subfield>
    <subfield code="r">2015-02-12 00:00:00</subfield>
    <subfield code="t">1</subfield>
    <subfield code="v">745.00</subfield>
    <subfield code="y">EN</subfield>
  </datafield>
  <datafield tag="952" ind1=" " ind2=" ">
    <subfield code="0">0</subfield>
    <subfield code="1">5</subfield>
    <subfield code="4">0</subfield>
    <subfield code="7">0</subfield>
    <subfield code="8">NFIC</subfield>
    <subfield code="a">BN</subfield>
    <subfield code="b">BN</subfield>
    <subfield code="d">2015-02-12</subfield>
    <subfield code="e">Pragati Pub/54/17.12.2014/184/08.12.2014/30.12.2014</subfield>
    <subfield code="g">745.00</subfield>
    <subfield code="l">0</subfield>
    <subfield code="o">000 BHA</subfield>
    <subfield code="p">B-582146</subfield>
    <subfield code="r">2015-02-12 00:00:00</subfield>
    <subfield code="t">1</subfield>
    <subfield code="v">745.00</subfield>
    <subfield code="y">EN</subfield>
  </datafield>
  <datafield tag="952" ind1=" " ind2=" ">
    <subfield code="0">0</subfield>
    <subfield code="1">0</subfield>
    <subfield code="4">0</subfield>
    <subfield code="7">0</subfield>
    <subfield code="8">NFIC</subfield>
    <subfield code="a">KV</subfield>
    <subfield code="b">KV</subfield>
    <subfield code="d">2015-02-12</subfield>
    <subfield code="e">Pragati Pub/54/17.12.2014/184/08.12.2014/30.12.2014</subfield>
    <subfield code="g">745.00</subfield>
    <subfield code="l">0</subfield>
    <subfield code="o">000 BHA</subfield>
    <subfield code="p">B-582147</subfield>
    <subfield code="r">2015-02-12 00:00:00</subfield>
    <subfield code="t">1</subfield>
    <subfield code="v">745.00</subfield>
    <subfield code="y">EN</subfield>
  </datafield>
  <datafield tag="952" ind1=" " ind2=" ">
    <subfield code="0">0</subfield>
    <subfield code="1">0</subfield>
    <subfield code="4">0</subfield>
    <subfield code="7">0</subfield>
    <subfield code="8">NFIC</subfield>
    <subfield code="a">MV</subfield>
    <subfield code="b">MV</subfield>
    <subfield code="d">2015-02-12</subfield>
    <subfield code="e">Pragati Pub/54/17.12.2014/184/08.12.2014/30.12.2014</subfield>
    <subfield code="g">745.00</subfield>
    <subfield code="l">0</subfield>
    <subfield code="o">000 BHA</subfield>
    <subfield code="p">B-582148</subfield>
    <subfield code="r">2015-02-12 00:00:00</subfield>
    <subfield code="t">1</subfield>
    <subfield code="v">745.00</subfield>
    <subfield code="y">EN</subfield>
  </datafield>
  <datafield tag="952" ind1=" " ind2=" ">
    <subfield code="0">0</subfield>
    <subfield code="1">0</subfield>
    <subfield code="4">0</subfield>
    <subfield code="7">0</subfield>
    <subfield code="8">NFIC</subfield>
    <subfield code="a">MP</subfield>
    <subfield code="b">MP</subfield>
    <subfield code="d">2015-02-12</subfield>
    <subfield code="e">Pragati Pub/54/17.12.2014/184/08.12.2014/30.12.2014</subfield>
    <subfield code="g">745.00</subfield>
    <subfield code="l">0</subfield>
    <subfield code="o">000 BHA</subfield>
    <subfield code="p">B-582149</subfield>
    <subfield code="r">2015-02-12 00:00:00</subfield>
    <subfield code="t">1</subfield>
    <subfield code="v">745.00</subfield>
    <subfield code="y">EN</subfield>
  </datafield>
  <datafield tag="952" ind1=" " ind2=" ">
    <subfield code="0">0</subfield>
    <subfield code="1">0</subfield>
    <subfield code="4">0</subfield>
    <subfield code="7">0</subfield>
    <subfield code="8">NFIC</subfield>
    <subfield code="a">BL4</subfield>
    <subfield code="b">BL4</subfield>
    <subfield code="d">2015-02-12</subfield>
    <subfield code="e">Pragati Pub/54/17.12.2014/184/08.12.2014/30.12.2014</subfield>
    <subfield code="g">745.00</subfield>
    <subfield code="l">20</subfield>
    <subfield code="m">24</subfield>
    <subfield code="o">000 BHA</subfield>
    <subfield code="p">B-582150</subfield>
    <subfield code="r">2024-07-09 00:00:00</subfield>
    <subfield code="s">2024-05-28</subfield>
    <subfield code="t">1</subfield>
    <subfield code="v">745.00</subfield>
    <subfield code="y">EN</subfield>
  </datafield>
  <datafield tag="952" ind1=" " ind2=" ">
    <subfield code="0">0</subfield>
    <subfield code="1">5</subfield>
    <subfield code="4">0</subfield>
    <subfield code="7">0</subfield>
    <subfield code="8">NFIC</subfield>
    <subfield code="a">YV</subfield>
    <subfield code="b">YV</subfield>
    <subfield code="d">2015-02-12</subfield>
    <subfield code="e">Pragati Pub/54/17.12.2014/184/08.12.2014/30.12.2014</subfield>
    <subfield code="g">745.00</subfield>
    <subfield code="l">0</subfield>
    <subfield code="o">000 BHA</subfield>
    <subfield code="p">B-582151</subfield>
    <subfield code="r">2015-02-12 00:00:00</subfield>
    <subfield code="t">1</subfield>
    <subfield code="v">745.00</subfield>
    <subfield code="y">EN</subfield>
  </datafield>
  <datafield tag="952" ind1=" " ind2=" ">
    <subfield code="0">0</subfield>
    <subfield code="1">0</subfield>
    <subfield code="4">0</subfield>
    <subfield code="7">0</subfield>
    <subfield code="8">NFIC</subfield>
    <subfield code="a">AV</subfield>
    <subfield code="b">AV</subfield>
    <subfield code="d">2017-05-08</subfield>
    <subfield code="e">BPPD/EN/2014-15/AV/16-17/429/15.20.2017/601/03.03.2017/ 24.03.2017</subfield>
    <subfield code="g">795.00</subfield>
    <subfield code="l">28</subfield>
    <subfield code="m">18</subfield>
    <subfield code="o">000 BHA</subfield>
    <subfield code="p">B-669791</subfield>
    <subfield code="r">2025-07-07 00:00:00</subfield>
    <subfield code="s">2025-06-24</subfield>
    <subfield code="t">1</subfield>
    <subfield code="v">795.00</subfield>
    <subfield code="w">2017-05-08</subfield>
    <subfield code="y">EN</subfield>
    <subfield code="z">reprint (2016)cost</subfield>
  </datafield>
</record>
